000 00732nam a22002657a 4500
001 BR9903364
003 BR-BrBNA
005 20230928100357.0
007 ta
008 230509b bl.||||| |||| 00| 0 por d
040 _aBR-BrBNA
_bpor
_cBiblioteca Nacional de Agricultura
041 _a(Por)
072 _aE71
090 _ E71 BR9903364
110 1 _aEmbaixada do Brasil, Washington (USA)
_93509
245 1 _aEstudo sobre barreiras ao acesso de produtos e servicos brasileiros no mercado norte-americano
260 3 _aWashington (USA):
_c1998.
300 _a92 p.
650 _aComercio Exterior
650 _aExportacao
650 _aGATT
650 _aTaxa
909 _a202309
_bLucia
_c55
_dLucia Elande
942 _cBK
999 _c61116
_d61116